| 000 | 00761 a2200193 4500 | ||
|---|---|---|---|
| 999 |
_c3581 _d3581 |
||
| 020 | _a9780133708264 | ||
| 050 | 0 | 0 | _aLB 1584 SAV 1996 |
| 100 | 1 |
_aSavage, Tom V _eAuthor |
|
| 245 | 1 | 0 |
_aEffective teaching in elementary social studies / _cTom V. Savage and David G. Armstrong |
| 250 | _a3rd ed. | ||
| 264 |
_aNew Jesrey: _bPrentice - Hall Inc, _c1996 |
||
| 300 |
_axvi, 557 p. : _bill. |
||
| 500 | _aIncludes bibliographical references and indexes. | ||
| 504 | _aIncludes bibliographical references and indexes. | ||
| 650 | 0 |
_aSocial sciences _xStudy and teaching (Elementary) |
|
| 700 | 1 | _aArmstrong, David G | |
| 942 |
_2lcc _cBK _e3rd ed. _h1584 _iSAV _kLB |
||